[Event "EU-ch 2nd"]
[Site "Ohrid"]
[Date "2001.06.01"]
[Round "1"]
[White "Goloshchapov, Alexander"]
[Black "Azmaiparashvili, Zurab"]
[Result "1/2-1/2"]
[WhiteElo "2528"]
[BlackElo "2670"]
[Annotator "Finkel,A"]
[PlyCount "83"]
[EventDate "2001.06.01"]
[EventType "swiss"]
[EventRounds "13"]
[EventCountry "YUG"]
[SourceTitle "CBM 084"]
[Source "ChessBase"]
[SourceDate "2001.09.13"]
[SourceVersion "1"]
[SourceVersionDate "2001.09.13"]
[SourceQuality "1"]

1. e4 d6 2. d4 g6 3. Nc3 Bg7 4. Be3 a6 5. f4 b5 6. Bd3 (6. a3 Bb7 7. Be2 Nd7 8.
Nf3 c5 9. dxc5 Nxc5 10. Bd4 Bxd4 11. Qxd4 Nf6 12. Nd2 Rc8 13. O-O O-O $132 {
Beckemeier,W-Kavalek,L/Germany 1986/GER-chT}) (6. Be2 Nd7 7. Bf3 Bb7 8. e5 Qc8
9. Qe2 e6 10. O-O-O Ne7 11. d5 Nxd5 12. Nxd5 exd5 13. Bg4 $44 {Westerinen,
H-Keene,R/Reykjavik 1976/EXT 98}) 6... Nd7 (6... Bb7 7. a3 Nd7 8. Nf3 c5 9.
dxc5 Nxc5 10. Bxc5 Bxc3+ 11. bxc3 dxc5 $11 {Barczay,L-Ivkov,B/Pula 1971/EXT
2001}) 7. e5 $1 (7. Nf3 c5 8. O-O cxd4 9. Bxd4 $4 Bxd4+ 10. Nxd4 Qb6 11. Be2 e5
12. Nd5 Qa7 13. fxe5 dxe5 $19 {0-1 Diaz Castro,S-Movsziszian,K/Mancha Real
2000/EXT 2001 (13)}) {After 7.e5 the only reasonable way to develop the knight
g8 is to e7, because on h6 it will be just out of play} 7... e6 (7... Bb7 8.
Nf3 e6 9. a4 b4 10. Ne4 Bxe4 11. Bxe4 d5 12. Bd3 a5 13. c3 $14 {Saltaev,
M-Rudolf,H/Dresden 0/EXT 2001}) 8. a4 b4 9. Ne4 Ne7 10. Nf3 (10. exd6 $2 Nf5
11. Qf3 $5 {[%csl Ra8][%cal Ge4f6]} (11. Qd2 cxd6 12. Qxb4 O-O 13. Bf2 Rb8 14.
Qc3 Qb6 $44 {[%csl Rb2,Rd4]}) 11... Nxd4 $1 (11... cxd6 $2 12. Nxd6+ Nxd6 13.
Qxa8 $16) (11... Bb7 12. dxc7 Qxc7 13. Ne2 Nxe3 14. Qxe3 Nb6 15. O-O Nd5 16.
Qf2 $14) 12. Bxd4 Bxd4 13. dxc7 Qxc7 14. Nd6+ Qxd6 15. Qxa8 O-O $17 {[%csl Rb2,
Gd4,Rf4]}) 10... O-O 11. Qe2 Bb7 12. O-O (12. exd6 $6 Nf5 13. dxc7 Qxc7 14. O-O
Nb6 {[%cal Gb6d5]} 15. g3 Nc4 $1 16. Bxc4 Bxe4 $13) 12... Qb8 13. Rae1 Nb6 (
13... a5 $5) 14. a5 Bxe4 {Intending to get counterplay with Qb5, but may be it
was beter to keep the bishop, although white keeps better chanses in any case.}
(14... Nbd5 15. Bd2 $14) 15. Bxe4 Nbd5 16. Bd2 Qb5 17. Qxb5 $5 {White wants to
attack black pawn on b4 later on, but on my opinion even better was} (17. c4 $1
bxc3 18. bxc3 Qxe2 19. Rxe2 Rab8 20. c4 Nb4 21. Rb1 Nbc6 (21... d5 22. Rxb4 $1
dxe4 23. Rxe4 $16) 22. Ree1 $14) 17... axb5 18. Ra1 Ra6 19. Ra2 {[%cal Gf1a1,
Gf3e1,Ge1d3]} dxe5 20. fxe5 Rfa8 21. Rfa1 {Preparing Ne1-d3} c5 (21... Nc6 22.
Bd3 $5 Rxa5 23. Rxa5 Rxa5 24. Rxa5 Nxa5 25. Bxb5 f6 26. exf6 Bxf6 27. Kf2 $14)
22. dxc5 Rc8 23. Be1 $1 {Bishop is very strong on the diagonal g1-a7.} Rxc5 24.
Bf2 Rc8 25. Bd3 Rb8 26. Nd4 (26. Bc5 Nc6 27. Bd6 Rba8 28. Bxb5 Rxa5 29. Rxa5
Rxa5 30. Rxa5 Nxa5 31. Kf2 Nb7 $132) 26... Nc7 ({Quiet dangerous looks} 26...
Bxe5 27. Bxb5 Rd6 28. Bf1 $14 {[%cal Ga5a7] and white pawn is very strong.})
27. Nb3 $1 Nc6 $6 (27... Bxe5 28. Nc5 (28. Bb6 $6 Ned5 $17) 28... Rd6 29. a6
Ra8 30. a7 Ned5 $132) 28. Nc5 Raa8 29. a6 Bxe5 $6 (29... Nxe5 30. Be4 Nd5 31.
Rd1 Rd8 $132) 30. Be4 Nd5 31. Bxd5 exd5 32. Nd7 Rd8 33. Nxe5 Nxe5 34. a7 $6 (
34. Ra5 $1 $16) 34... d4 35. Ra6 Rd7 36. Rb6 Kg7 (36... Rdxa7 37. Rxa7 Rxa7 38.
Bxd4 Nd7 39. Rxb5 Ra1+ 40. Kf2 Rc1 41. Rxb4 Rxc2+ 42. Kf3 $14) 37. Rb8 (37.
Bxd4 $2 Rxd4 38. Rb8 Rxa7 39. Rxa7 Nc6 $19) (37. Rxb5 Nc6 38. Ra6 $6 Rdxa7 $1 {
[%csl Rg1]} 39. Rxc6 Ra1+ 40. Be1 Rxe1+ 41. Kf2 Rae8 42. Rxb4 R8e2+ $17) 37...
Raxa7 38. Rxa7 Rxa7 39. Bxd4 Ra1+ 40. Kf2 f6 41. Rxb5 Rc1 42. Rb7+ $14 1/2-1/2

[Event "Igualada"]
[Site "Igualada"]
[Date "2005.08.21"]
[Round "4"]
[White "Volokitin, Andrei"]
[Black "McShane, Luke J"]
[Result "1/2-1/2"]
[WhiteElo "2671"]
[BlackElo "2625"]
[Annotator "Finkel,A"]
[PlyCount "108"]
[EventDate "2005.08.17"]
[EventType "tourn"]
[EventRounds "6"]
[EventCountry "ESP"]
[EventCategory "16"]
[SourceTitle "CBM 109"]
[Source "ChessBase"]
[SourceDate "2005.11.14"]
[SourceVersion "1"]
[SourceVersionDate "2005.11.14"]
[SourceQuality "1"]

1. e4 g6 2. d4 Bg7 3. Nc3 d6 4. Be3 c6 ({Some players (including yours truly)
prefer to treat this line a bit differently.} 4... a6 5. Qd2 b5 6. f3 Nd7) 5.
Qd2 b5 6. f3 Nd7 7. h4 ({In my opinion} 7. g4 $5 {is more dangerous for black.}
) (7. O-O-O Qa5 8. Kb1 Nb6 9. Bd3 $13) 7... h5 8. Nh3 Rb8 $5 {Both players are
trying very hard not to expose their intentions making cunning developing
moves! In most of the lines the rook is very well placed on b8, but usually
black prefers to wait with this move.} (8... Nb6 9. Ng5 (9. O-O-O Bxh3 10. Rxh3
Nf6 11. Bg5 Rb8 12. Bd3 b4 13. Ne2 Nfd7 14. g4 c5 $132 {Lie,K-Lehtinen,H/
Aarhus 2003}) 9... Nf6 10. a4 $1 b4 11. Nd1 a5 12. c4 $1 bxc3 13. Nxc3 $6 O-O
$13 {Kalod,R-Oral,T/Olomouc 1998}) (8... Ngf6 9. Ng5 O-O 10. a4 (10. O-O-O $5)
10... b4 11. Nd1 a5 12. c3 bxc3 13. bxc3 e5 14. Be2 Ba6 15. Bxa6 Rxa6 16. O-O
d5 17. Qe2 Ra8 18. dxe5 Nxe5 19. f4 $14 {Reefat,B-Murshed,N/Dhaka 2004}) 9. Ng5
(9. a4 b4 10. Nd1 e6 11. Ng5 Qc7 12. Bc4 $6 Nb6 13. Be2 a5 14. O-O c5 15. c3
$14 {Adnoy,H-Vokoun,J/Pardubice 2005}) 9... Nb6 (9... Qa5 10. Be2 b4 11. Nd1
Ba6 12. O-O Bxe2 13. Qxe2 c5 14. dxc5 Nxc5 15. Qc4 Nh6 $13 {Boleslavsky,
I-Soloviev,V/Moscow 1964}) 10. Be2 (10. a4 Nc4 11. Bxc4 bxc4 12. Rb1 Nf6 13.
Qe2 Rb4 14. O-O O-O $13 {is harmless for black.}) 10... Qc7 11. O-O f6 $5 {
Not a move many players would've considered because it weakens g6 and closes a
bishop, which is black's pride in this position!} (11... Nf6 12. b3 O-O 13. Nd1
Bd7 14. Nf2 c5 15. c3 $14) 12. Nh3 Bxh3 13. gxh3 e6 $1 (13... d5 $6 14. Rf2 (
14. Bf4 $6 e5 15. Bh2 (15. Be3 Ne7 16. dxe5 fxe5 17. exd5 Nbxd5 18. Nxd5 Nxd5
$15) 15... Bh6 16. Qd3 Ne7 17. dxe5 fxe5 18. exd5 Nbxd5 19. Nxd5 cxd5 $15)
14... e6 15. exd5 Nxd5 16. Nxd5 cxd5 17. Bf4 e5 18. dxe5 fxe5 19. Bg5 $36) 14.
a4 b4 $13 ({There was nothing wrong with} 14... Nc4 15. Bxc4 bxc4 16. d5 $1
Rxb2 (16... exd5 17. exd5 Ne7 18. dxc6 a6 19. Ne4 d5 20. Bf4 Qb6+ 21. Nf2 Rc8
22. c7 O-O $132) 17. dxe6 Ne7 18. f4 f5 19. Bd4 Rxc2 20. Qxc2 Bxd4+ 21. Kh1 $13
{with very messy position in which black's chances shouldn't be any worse. It
just illustrates that 11...f6 was pretty good move since black may choose
between a couple of promising continuations.}) 15. a5 $1 bxc3 16. axb6 axb6 17.
Qxc3 Ne7 (17... d5 18. Kg2 Ne7 19. Ra6 O-O 20. Rfa1 e5 $132) 18. Bf4 Kf7 (18...
e5 19. dxe5 dxe5 20. Be3 O-O 21. Ra6 Kh7 22. Rfa1 Bh6 23. Bf2 Rfd8 $13) 19. d5
$6 {[%csl Rc3] A minor inaccuracy after which white has to be on guard, even
though the position remains balanced.} (19. Ra6) 19... exd5 20. exd5 f5 $5 (
20... Nxd5 21. Bc4 Qd7 22. Qd3 Rhe8 23. Bxd5+ (23. Rfd1 Bf8 24. Bxd5+ cxd5 25.
Qxd5+ Kg7 $13) 23... cxd5 24. Qxd5+ Qe6 25. Ra7+ Kg8 $11) 21. Qa3 (21. Qb3 Nxd5
22. Bc4 Be5 23. Bxd5+ cxd5 24. Qxd5+ Kg7 25. Bxe5+ dxe5 26. Rfe1 Rhe8 $15)
21... Ra8 $1 22. Bxd6 $6 {Transposing into an edngame with a pawn down.} (22.
Qb3 $142 Nxd5 23. Bc4 Bd4+ 24. Kh1 Rxa1 25. Rxa1 Kg7 26. Bxd5 cxd5 27. Qxd5
Bxb2 28. Rg1 $11 {[%csl Rd6,Rf5][%cal Gd5e6]}) 22... Rxa3 23. Bxc7 Rxa1 24.
Rxa1 Bxb2 25. Ra7 Bd4+ 26. Kg2 cxd5 27. Bd6 Bf6 28. c4 Ke6 $1 $17 (28... d4 $2
29. c5 $1 bxc5 30. Bc4+ Ke8 31. Bxc5 $40) 29. Bxe7 Bxe7 30. cxd5+ Kd6 {[%csl
Rh4]} 31. Rb7 Bd8 32. Rg7 Kxd5 33. f4 $1 (33. Rxg6 f4 34. Kf1 Kc5 $17) 33...
Kd4 (33... Ke4 34. Kg3 Re8 35. Rd7 Bf6 36. Rd6 Bc3 37. Rxb6 Be1+ 38. Kg2 Kxf4
39. Kf1 Bxh4 40. Rxg6 $11) 34. Ba6 Re8 35. Rxg6 Ke4 36. Bb5 Re7 37. Rg3 Rf7 (
37... Kxf4 38. Rf3+ Ke5 39. Re3+ Kf6 40. Rxe7 Bxe7 41. Be8 Ke5 42. Kf3 Bxh4 43.
Bxh5 $11) 38. Bc4 Rd7 39. Be2 Bxh4 $6 {More chances to win the game would leave
} (39... Rd2 $5 40. Kf1 Rb2 41. Bxh5 Bxh4 42. Ra3 Kxf4 43. Bf7 b5 44. Ra5 (44.
Rb3 {is not good enough for a draw} Rxb3 45. Bxb3 Ke3 $19) 44... Bf6 45. Ra3
Ke4 $17) 40. Rb3 Rg7+ 41. Kf1 Rg6 42. Bxh5 Rd6 43. Ke2 Kxf4 44. Rb4+ Kg5 45.
Bf7 {Now it's a dead draw.} Bg3 46. Kf3 $11 Be1 47. Rb1 Bc3 48. Rg1+ Kh6 49.
Kf4 Rf6 50. Bc4 Bd2+ 51. Ke5 Bc3+ 52. Kf4 Bb4 53. Ke5 Be7 54. Rg8 Rf8 {Very
well fought game in which both players showed a great deal of creativity!}
1/2-1/2

[Event "Linares Anibal op 07th"]
[Site "Linares"]
[Date "2000.01.12"]
[Round "6"]
[White "Sulskis, Sarunas"]
[Black "Minasian, Artashes"]
[Result "0-1"]
[WhiteElo "2521"]
[BlackElo "2600"]
[Annotator "Finkel,A"]
[PlyCount "102"]
[EventDate "2000.01.07"]
[EventType "swiss"]
[EventRounds "10"]
[EventCountry "ESP"]
[SourceTitle "CBM 075"]
[Source "ChessBase"]
[SourceDate "2000.04.05"]
[SourceVersion "1"]
[SourceVersionDate "2000.04.05"]
[SourceQuality "1"]

{[%mdl 2304]} 1. e4 {Hecht.} g6 2. d4 d6 3. c3 Bg7 4. Bc4 Nf6 5. Qe2 c6 (5...
O-O 6. Nf3 a6 7. a4 Nc6 8. Bg5 h6 9. Bh4 e5 10. dxe5 dxe5 11. O-O Qe8 $13 {
Van der Wiel,J-Van Wely,L/NLD-ch 1991}) (5... e5 6. dxe5 dxe5 7. Bg5 O-O 8. Nd2
c6 9. a4 h6 10. Bh4 Nbd7 11. Ngf3 g5 $6 12. Bg3 Nh5 13. O-O $14 {Shaked,
T-Weeramantry,S/New York op 1994}) 6. Bb3 (6. Nf3 $6 O-O 7. Nbd2 Qc7 8. O-O e5
9. dxe5 dxe5 10. h3 Nbd7 11. Nh2 b5 12. Bb3 Nc5 13. Ng4 Nxg4 14. hxg4 Qd7 $13 {
Sikora Lerch,J-Hrivnak,M/SVK-chT 9697}) 6... e5 $5 {Usually in this variation
black prefers not to play e5,but in this move order it's the best reaction on
white's set up,letting black to equalize quiet easily.} 7. dxe5 (7. Nf3 exd4 8.
cxd4 O-O 9. Nc3 Re8 10. Bg5 h6 11. Bh4 g5 12. Bg3 Nxe4 13. Nxe4 d5 $13) 7...
dxe5 8. Nf3 Nbd7 9. Be3 Qe7 $5 (9... Nxe4 $6 10. Bxf7+ Kxf7 11. Qc4+ Kf8 12.
Qxe4 $14) 10. Nbd2 Nc5 11. Bxf7+ $2 {Extremly strange decision:white gets two
pawns for a piece and some prospects for the attack,but not more than that.} (
11. Bc2 Ng4 12. Bg5 f6 (12... Bf6 13. Bxf6 Nxf6 14. b4 Ncd7 15. O-O O-O 16.
Rfd1 $14) 13. Bh4 Ne6 14. Bg3 Nf4 15. Bxf4 exf4 $132) 11... Kxf7 12. Qc4+ Ne6
13. Nxe5+ Kg8 14. O-O (14. O-O-O Nd7) 14... Ne8 $5 {[%cal Ge8d6,Gd6f7]
Transfering the knight to f7.} 15. Ndf3 Nd6 16. Qb3 Nf7 $1 $17 17. Nxf7 Qxf7 ({
Not so bad was} 17... Kxf7 18. Ng5+ Ke8 19. Nf3 h6 $5 20. Rad1 Kf7 $17) 18.
Rad1 h6 $5 19. Rd6 Kh7 (19... c5 $5 20. Rfd1 Kh7 21. R1d5 Bf8 $17) 20. Bd4 $5
Re8 21. Bxg7 Qxg7 22. e5 Nf4 $6 {After this move white still may put up some
resistance,so simplier was} (22... Nd8 $1 {[%csl Re5]} 23. Nh4 Be6 24. Qc2 Nf7
$19 {winning the pawn e5.}) 23. Qc4 Nd5 24. Qh4 Kg8 25. Rd1 Be6 26. c4 g5 27.
Qe4 Nf4 28. Nd4 Bg4 29. Re1 c5 30. g3 $1 {White uses all the chanses,but
black's advantage is too big!} (30. Nc2 Rad8 31. Rxd8 Rxd8 32. Ne3 Rd4 33. Qb1
Be6 $19) 30... Ne6 $1 (30... cxd4 31. gxf4 Re6 32. Rxe6 Bxe6 33. f5 Bxc4 34. b3
$14) 31. Nb5 Bh5 32. Qd5 Bf7 33. Qxb7 (33. Rd7 Nf8 34. Rxb7 Bxd5 35. Rxg7+ Kxg7
36. cxd5 Rad8 $19) 33... a6 34. Nc3 Rab8 35. Qe4 Nd4 $1 {[%cal Ge8e5]} 36. Kh1
(36. Nd5 $2 Rxe5 $1 37. Qxe5 Nf3+ $19) (36. Kg2 $5) 36... Rxb2 37. Nd5 Rxf2 $1
{Transforming the advantage into the technical ending.} 38. Nf6+ Rxf6 39. Rxf6
Qxf6 40. exf6 Rxe4 41. Rxe4 {Hecht: '[#] Wegen der schlechten Königsstellung
verliert Weiß beide Damenflügelbauern, von denen einer, von den schwarzen
Leichtfiguren assistiert, promovieren wird. dagegen ist der Bf6 wertlos, weil
er nicht vom weißen König unterstützt werden kann. '} Bxc4 42. Re7 (42. Re8+ {
Hecht} Kf7 43. Rc8 Ne6 44. a4 Bb3 45. a5 Kxf6 $19) 42... Bxa2 43. Kg2 Bf7 44.
Kf2 c4 45. Rc7 Nb5 46. Rc6 c3 47. Ke3 Bg6 48. Rxa6 c2 49. Rc6 (49. Kd2 {Hecht}
Nd4 50. Rb6 Ne2 $19) 49... Kf7 50. h4 gxh4 51. gxh4 h5 {'(.)' Hecht.} 0-1

[Event "Rostock GM"]
[Site "Rostock"]
[Date "2002.08.28"]
[Round "5"]
[White "Tischbierek, Raj"]
[Black "Hoi, Carsten"]
[Result "1-0"]
[WhiteElo "2523"]
[BlackElo "2419"]
[Annotator "Finkel,A"]
[PlyCount "51"]
[EventDate "2002.08.25"]
[EventType "tourn"]
[EventRounds "9"]
[EventCountry "GER"]
[EventCategory "8"]
[SourceTitle "CBM 091"]
[Source "ChessBase"]
[SourceDate "2002.11.12"]
[SourceVersion "1"]
[SourceVersionDate "2002.11.12"]
[SourceQuality "1"]

1. e4 g6 2. d4 Bg7 3. Nc3 d6 4. Be3 Nd7 5. Qd2 a6 6. f3 e5 (6... b6 7. Nh3 Bb7
8. Nf2 e6 9. Be2 (9. h4 h5 10. O-O-O Qe7 11. Kb1 O-O-O 12. Bd3 c5 13. Be2 Bh6
14. f4 Bg7 $13 {Qin Kanying-Gaprindashvili,N/Shanghai 1992}) 9... c6 10. O-O
Qc7 11. Rad1 Rd8 12. f4 Ne7 13. e5 O-O 14. Bd3 $14 {Rubinetti,J-Quinteros,M/
Buenos Aires 1968}) (6... Rb8 7. Nh3 c6 8. Nf2 b5 9. Be2 Qc7 10. O-O Nb6 11.
Rae1 h5 12. b3 e6 13. f4 $14 {Crabbendam,U-Ujtelky,M/Wijk aan Zee 1968}) (6...
h6 7. Nh3 e6 8. Nf2 Ne7 9. Be2 b6 10. O-O-O Rb8 11. g4 b5 $132 {Ciocaltea,
V-Feustel,B/Bochum 1981}) 7. O-O-O (7. dxe5 Nxe5 8. O-O-O b5 9. f4 Nc6 10. Nf3
Nge7 11. h3 f5 12. e5 dxe5 13. Qe1 Bd7 14. Nxe5 Nxe5 15. fxe5 $16 {Schandorff,
L-Andersen,J/Hillerod 1995}) (7. Nge2 b5 8. a3 Ngf6 9. O-O-O O-O 10. Bh6 Bb7
11. d5 Rc8 12. h4 $36 {Sedlak,N-Vadasz,L/Budapest 1999}) 7... b5 8. h4 h5 {
letting white to play h5 was too dangerous, so black takes necessary
precautions.} (8... exd4 9. Bxd4 Ngf6 10. g4 {[%cal Gh4h5]}) 9. Nh3 exd4 10.
Bxd4 Ngf6 11. Nf4 Bb7 12. Kb1 O-O 13. g4 $1 {A signal for attack!} b4 (13...
hxg4 14. h5 gxf3 15. h6 (15. hxg6 $6 c5 16. Be3 b4 17. Ncd5 $40 {[%cal Gd2h2]})
15... Bh8 16. h7+ Nxh7 17. Qh2 $18) 14. Ncd5 c5 15. Nxf6+ Nxf6 16. Be3 Bxe4 $2
{Giving up a piece is definitly not a good idea. Black had to play} (16... hxg4
17. h5 gxf3 (17... g5 18. h6 Bh8 19. h7+ Nxh7 20. Qh2 $18 {[%csl Rg8][%cal
Gh1h8]}) 18. hxg6 (18. h6 Bh8 19. h7+ Kg7 20. Qh2 Ng4 $17) 18... Bxe4 $132 {
with very dangerous, but defendable position.}) 17. fxe4 Nxe4 18. Qc1 Bxb2 19.
Qxb2 $1 (19. Kxb2 Qf6+ 20. c3 Nxc3 $13) 19... Nc3+ 20. Kc1 Re8 21. Bd2 {
Now it's all over.} Qa5 22. Bc4 Re4 23. Bd5 Rae8 24. Rde1 $5 (24. Bxe4 Nxa2+ (
24... Rxe4 25. Rde1 $18) 25. Kb1 Nc3+ 26. Bxc3 bxc3 27. Qb7 $18) 24... c4 25.
Rxe4 Rxe4 26. Bxe4 1-0

[Event "Linares Anibal op 07th"]
[Site "Linares"]
[Date "2000.01.13"]
[Round "7"]
[White "Iordachescu, Viorel"]
[Black "Minasian, Artashes"]
[Result "1-0"]
[WhiteElo "2553"]
[BlackElo "2600"]
[Annotator "Finkel,A"]
[PlyCount "81"]
[EventDate "2000.01.07"]
[EventType "swiss"]
[EventRounds "10"]
[EventCountry "ESP"]
[SourceTitle "CBM 075"]
[Source "ChessBase"]
[SourceDate "2000.04.05"]
[SourceVersion "1"]
[SourceVersionDate "2000.04.05"]
[SourceQuality "1"]

1. e4 d6 2. d4 g6 3. c3 Bg7 4. Nf3 (4. Bc4 Nf6 5. Qe2 e5 6. dxe5 dxe5 7. Bg5
O-O 8. Nd2 c6 9. a4 $14 {Shaked,T-Weeramantry,S/New York op 1994}) 4... Nd7 5.
Bc4 (5. Bd3 e5 6. O-O Ne7 7. Re1 O-O 8. Nbd2 b6 9. Nf1 Bb7 10. Ng3 $14 {
Dolmatov,S-Hertneck,G/Tilburg rapid 1992}) 5... e6 $5 {Minasian is known for
his uncompromising style and desire to win every single game no matter if he
is with black or white.This opening suits the purpose perfectly.} 6. O-O Ne7 (
6... Ngf6 7. e5 dxe5 8. dxe5 Ng8 9. Qe2 Ne7 10. Rd1 O-O 11. Ng5 $14 {1-0 Leko,
P-Bauer,C/Grand Prix de Bordeaux 1999}) 7. Re1 O-O 8. Bb3 b6 9. Nbd2 Bb7 10.
Nf1 $5 {White have chosen cautious strategy,not intending to punish black
right out of the opening.} c5 (10... e5 $5 11. Ng3 exd4 12. cxd4 d5 13. Bg5 f6
14. Bf4 $14) 11. Ng3 cxd4 12. cxd4 e5 13. Be3 Rc8 ({Doesn't work} 13... d5 $2
14. exd5 Nxd5 15. Bg5 $1 f6 16. dxe5 Nc5 17. exf6 Bxf6 18. Bxf6 Rxf6 19. Bc4
$16) 14. Qd2 exd4 (14... Re8 15. Rad1 Qc7 16. Bh6 (16. dxe5 Nxe5 17. Qxd6 Nxf3+
18. gxf3 Bxb2 $13) 16... Bh8 17. Ng5 d5 18. dxe5 $16) 15. Bh6 $1 {It's
important to change the bishop} Ne5 (15... Bxh6 16. Qxh6 Nc6 17. Ng5 Nf6 18. f4
$16 {[%cal Ge4e5]}) 16. Bxg7 Nxf3+ $6 {After this move blackcan't protect the
pawn on d6,so better was} (16... Kxg7 17. Nxd4 Qd7 18. Rad1 Rfd8 {with
defendable position.}) 17. gxf3 Kxg7 18. Qxd4+ Kg8 19. Rad1 $16 {[%csl Rd6]}
Nc6 20. Qxd6 Qxd6 21. Rxd6 Ne5 22. Kg2 Rfd8 23. Red1 Rxd6 24. Rxd6 Ba6 25. f4
Nd3 26. f5 $1 $18 {White's play in the ending is an example of good technique:
he manages to convert his material advantage into the point without giving
black aany chance to escape.} (26. Rd7 Nxf4+ 27. Kf3 Ne6 28. Rxa7 Bc4 29. Bxc4
Rxc4 $16) 26... Nxb2 27. fxg6 hxg6 28. Rxg6+ Kf8 29. Rh6 $1 Rc1 (29... Nd3 30.
Nf5 Nf4+ 31. Kg3 Ng6 32. h4 $18 {[%cal Gh4h5]}) 30. Nf5 Kg8 31. Rg6+ Kf8 32.
Rd6 Ke8 33. h4 Nd3 34. Ba4+ $5 b5 35. Bb3 {[%csl Rd3]} Bb7 36. f3 Rc3 37. Rf6
Ne5 38. h5 $1 {The last touch:now everything is over,because h-pawn is
unstopable.} Rc6 (38... Nxf3 39. Nd6+ Ke7 40. Rxf3 Rxf3 41. Kxf3 Kxd6 42. h6
Ke5 43. Bd5 $1 $18) 39. Rd6 $1 Bc8 40. Rxc6 Nxc6 41. Nd6+ 1-0

[Event "ESP-chT Honor Gp2 49th"]
[Site "Sant Lluis"]
[Date "2005.08.31"]
[Round "1"]
[White "Movsesian, Sergei"]
[Black "Chernin, Alexander"]
[Result "1-0"]
[WhiteElo "2645"]
[BlackElo "2598"]
[Annotator "Finkel,A"]
[PlyCount "71"]
[EventDate "2005.08.31"]
[EventType "team"]
[EventRounds "5"]
[EventCountry "ESP"]
[SourceTitle "CBM 109"]
[Source "ChessBase"]
[SourceDate "2005.11.14"]
[SourceVersion "1"]
[SourceVersionDate "2005.11.14"]
[SourceQuality "1"]

1. e4 g6 2. d4 Bg7 3. Nc3 d6 4. Be3 c6 5. Qd2 b5 6. f3 Qc7 7. h4 h5 8. a4 $5 (
8. O-O-O a6 9. Nh3 Bxh3 10. Rxh3 Nd7 11. g4 hxg4 12. fxg4 b4 13. Na4 Qa5 14. b3
Ngf6 15. Qg2 $14 {Luther,T-Hargens,T/Germany 1990}) (8. Nh3 Bxh3 9. Rxh3 Nf6
10. Bd3 Nbd7 11. Ne2 e5 12. c3 d5 13. exd5 Nxd5 14. Bg5 O-O $15 {Juswanto,
D-Hickl,J/Jakarta 1996}) (8. Bd3 Nf6 9. O-O-O Nbd7 10. Nh3 Nb6 11. Nf4 Bd7 12.
Qf2 b4 13. Nce2 Na4 14. Bc4 c5 $15 {Hofland,L-Weinitschke,G/ICCF corr 1999})
8... b4 9. Nd1 a5 10. c3 (10. Nf2 d5 11. Ngh3 Nd7 12. Ng5 Nb6 13. Bd3 e6 14.
Bf4 Qa7 15. exd5 Nxd5 $132 {Volokitin,A-Matjushin,G/Kharkov 2004}) 10... bxc3
11. bxc3 Nf6 12. Nf2 Nbd7 13. Bd3 e5 $6 {This move is a very typical reaction,
but I think that under the circumstance it would be better to refrain from
this move.} (13... O-O 14. f4 Nb6 15. Nf3 Ba6 (15... Ng4 16. Nxg4 Bxg4 17. O-O
Rab8 18. f5 $14) 16. Bxa6 Rxa6 17. Qe2 Raa8 18. O-O e6 $132) 14. f4 Ng4 $6 {
Another unfortunate decision after which black faces serious problems. The
pawn on g4 becomes a target for the white pieces.} (14... O-O 15. Nf3) 15. Nxg4
hxg4 16. Ne2 $14 Ba6 17. Bxa6 Rxa6 18. Ng3 Ra8 $6 (18... exf4 19. Bxf4 c5 20.
h5 cxd4 21. cxd4 Rc6 22. h6 Bf6 23. Ne2 $14) 19. dxe5 $1 dxe5 20. f5 $1 $16 Nf6
21. Qf2 {Preparing a castle.} c5 22. O-O O-O (22... Rxh4 $2 23. fxg6 fxg6 24.
Bg5 Rh8 25. Bxf6 Rf8 26. Qa2 $1 Bxf6 27. Qe6+ Qe7 28. Qc6+ Kf7 29. Rxf6+ Qxf6
30. Rf1 $18) 23. Bg5 $6 (23. Rab1 $5 {[%csl Ra5,Rc5][%cal Gb1b5]}) 23... c4 $1
24. Kh2 Rad8 25. Qe2 Rd6 $6 {More chances for successfull defense would've left
} (25... Rd3 $1 26. Bxf6 Bxf6 27. Qxg4 Qd7 28. h5 g5 29. Ne2 Qc6 $132 {[%csl
Re4]}) 26. Bxf6 Rxf6 $6 (26... Bxf6 27. Qxg4 Qd7) 27. Qxg4 Rd8 28. h5 g5 29.
Rf3 Rd3 30. Nh1 $1 {[%cal Gh1f2,Gf2g4]} Rxf3 31. Qxf3 Rd6 32. Nf2 Qb6 33. Rf1
Qb3 34. Ng4 $18 Rd3 (34... f6 35. h6 Rd3 36. Qf2 $18 {[%csl Rg8][%cal Gf2c5]})
35. Qf2 Qxc3 36. h6 1-0